| 000 | 00888nam a2200229Ia 4500 | ||
|---|---|---|---|
| 003 | PE SENCICO BE | ||
| 005 | 20251020182431.0 | ||
| 008 | 200515s9999 xx 000 0 und d | ||
| 020 | _a3-8228-0764-8 | ||
| 040 |
_aPE SENCICO BE _cPE SENCICO BE |
||
| 041 | _aspa | ||
| 082 |
_a745.40945 _bB74 |
||
| 100 | 1 |
_aBörnsen-Holtmann, Nina _92577 _eautor |
|
| 245 | 1 | 0 |
_aItalian design / _cNina Nörnsen-Holtmann |
| 260 |
_a[Colonia] : _bTaschen ; _c1995 |
||
| 300 |
_a175 p. : _bil., graf. ; _c30 cm. |
||
| 505 | 0 | _aLa línea italiana -- La belleza de la sobriedad -- Entre realidad y utopía -- Del boom a la rebelión -- Anything goes -- Radicalismo y nostalgia -- Muebles con fuerzas mágicas -- Biografías -- Fabricantes -- Indice onomástico -- Créditos fotográficos. | |
| 650 | 1 | 0 |
_aArte y diseño _9966 |
| 650 | 2 | 0 |
_aMuebles _9239 |
| 651 | 1 | 0 |
_91460 _aItalia |
| 942 |
_cLIB _2ddc |
||
| 999 |
_c255 _d255 |
||